| 000 | 00574cam a2200181 a 4500 | ||
|---|---|---|---|
| 020 | _a0256188769 | ||
| 040 | _cDLC | ||
| 082 | 0 | 0 | _a658 LRW 1997 A106 Or. |
| 100 | 1 | _aHill, Charles W. L | |
| 245 | 1 | 0 |
_aInternational business : _bcompeting in the global marketplace / |
| 250 | _a2nd ed | ||
| 260 |
_aChicago : _bIrwin, _cc1997 |
||
| 300 |
_axx, 630 p. : _bcol. ill., maps ; _c28 cm |
||
| 500 | _aFolded map with list of acronyms, and country and city names, inserted | ||
| 650 | 0 | _aInternational business enterprises | |
| 650 | 0 | _aCompetition, International | |
| 942 | _cEK | ||
| 999 |
_c16564 _d16564 |
||